Flags of Countries in Euro 2000 - Statistics

General Stats
  • This quiz has been taken 31 times
  • The average score is 15 of 16
Answer Stats
Picture Answer % Correct
Germany
100%
Italy
100%
Norway
100%
Romania
100%
Turkey
100%
Czech Republic
96%
Belgium
92%
Denmark
88%
England
88%
France
88%
Netherlands
88%
Portugal
88%
Slovenia
88%
Spain
88%
Sweden
88%
FR Yugoslavia
64%
No matching quizzes found
Score Distribution
Percent of People with Each Score
Percentile by Number Answered
Your Score History
You have not taken this quiz